00924 2200301 4500001002100000005001500021035002500036020002200061040001200083041000800095082001500103084001700118090002100135090002200156100003800178245012500216250001100341260004400352300003700396504003000433650004400463700001800507700001900525850001200544999002200556990002200578990002200600INLIS00000000003469020191031085758 a0010-031800000000633 a978-602-6268-15-0 aYOPDYOG0 aind04223a378.15 a378.15 Kha E aDEP 378.15 Kha E aCB-D.11 2017-16811 aKHATIB PAHLAWAN KAYO, RB.,d1947-1 a60 tahun Universitas Muhammadiyah di Sumatera barat /cRB. Khatib Pahlawan Kayo, H. Marjohan; penyunting, Lia Noviastuti aCet. 1 aYogyakarta :bSuara Muhammadiyah,c2017 axxvi, 285 hlm. :bilus. ;c23 cm aBibliografi: hlm. 279-280 4aUniversitas Muhammadiyah Sumatera Barat0 aMARJOHAN,cH.0 aLIA NOVIASTUTI aYOPDYOG aCB-D.11/2017-1681 aCB-D.11/2017-1681 aCB-D.11/2017-1681